| 000 | 00748nam a2200169Ia 4500 | ||
|---|---|---|---|
| 008 | 100122s9999 xx 000 0 und d | ||
| 082 |
_b23661 _a390 |
||
| 100 | _aबाबर सरोजिनी | ||
| 245 | _aराजविलासी केवडा (मा.वि.16/2) | ||
| 260 |
_bमहाराष्ट्र राज्य लोकसाहित्य माला _c1969 |
||
| 300 | _a50 | ||
| 520 | _a"ओवीगीते , लोकगीते ,उखाणे," | ||
| 620 | _a"ओवीगीते , लोकगीते ,उखाणे," | ||
| 630 | _aराजविलासी केवडा (मा.वि.16/2) | ||
| 730 | _aराजविलासी केवडा (मा.वि.16/2) | ||
| 942 | _cBOOK | ||
| 999 |
_c411193 _d411190 |
||